000
00268nam a2200097Ia 4500
001
1220180
005
20250827092806.0
008
250824s9999 xx 000 0 und d
245
0
_a
BEATRİCETEN SONRA BİRİNCİ YÜZYIL
_c
AMİN MAALOUF
260
_b
YAPI KREDİ YAYINLARI
999
_c
1220180
_d
1220180